[Event "10th EICC"]
[Site "Budva MNE"]
[Date "2009.03.11"]
[Round "6"]
[White "Inarkiev,E"]
[Black "Sjugirov,S"]
[Result "1-0"]
[WhiteElo "2656"]
[BlackElo "2562"]
[EventDate "2009.03.06"]

1. e4 c5 2. Nf3 d6 3. d4 cxd4 4. Nxd4 Nf6 5. Nc3 a6 6. Be3 e5 7. Nb3 Be6 8.
Qd2 Be7 9. f3 Nbd7 10. O-O-O b5 11. g4 b4 12. Nd5 Bxd5 13. exd5 Nb6 14. Na5
Nbxd5 15. Nc6 Qc7 16. Nxb4 Nxb4 17. Qxb4 O-O 18. Qb6 Qc8 19. g5 Nd7 20. Qa5
Nc5 21. Bc4 Qf5 22. Qd2 Rfc8 23. h4 Rab8 24. Qd5 Rb4 25. b3 a5 26. Rhf1 a4
27. f4 Rxc4 28. bxc4 Qh3 29. Rf3 Qg2 30. fxe5 Ne6 31. exd6 Bxd6 32. c5 Bf8
33. Rdf1 Rc7 34. Rf5 Qe2 35. Qf3 Qc4 36. Rxf7 Rc8 37. Qb7 Re8 38. R7f3 Nd8
39. Qd7 Qe4 40. Rxf8+ 1-0

[Event "10th EICC"]
[Site "Budva MNE"]
[Date "2009.03.11"]
[Round "6"]
[White "Areshchenko,A"]
[Black "Papaioannou,I"]
[Result "1/2-1/2"]
[WhiteElo "2673"]
[BlackElo "2609"]
[EventDate "2009.03.06"]

1. e4 d5 2. exd5 Qxd5 3. Nc3 Qa5 4. Nf3 Nf6 5. Be2 c6 6. O-O Bg4 7. b4 Qc7
8. b5 e6 9. Rb1 Be7 10. h3 Bh5 11. d4 O-O 12. Ne5 Bxe2 13. Qxe2 Nbd7 14.
bxc6 bxc6 15. Bf4 Bd6 16. Nxd7 Nxd7 17. Bxd6 Qxd6 18. Ne4 Qc7 19. Qa6 Rab8
20. Rb3 e5 21. dxe5 Nxe5 22. Rc3 h6 23. f4 Rb6 24. Qa4 Nd7 25. Qd4 c5 26.
Nxc5 Nxc5 27. Rxc5 Rc6 28. Rxc6 Qxc6 29. f5 Qxc2 30. Qxa7 f6 31. a4 Rd8 32.
a5 Rd2 33. Qa8+ Kh7 34. a6 Qc5+ 35. Kh1 Ra2 36. Qb7 Qc4 37. Rf3 1/2-1/2

[Event "10th EICC"]
[Site "Budva MNE"]
[Date "2009.03.11"]
[Round "6"]
[White "Fedorchuk,S"]
[Black "Timofeev,Arty"]
[Result "1/2-1/2"]
[WhiteElo "2633"]
[BlackElo "2671"]
[EventDate "2009.03.06"]

1. e4 c5 2. Nf3 d6 3. d4 cxd4 4. Nxd4 Nf6 5. Nc3 g6 6. Be3 Bg7 7. f3 O-O 8.
Qd2 Nc6 9. O-O-O d5 10. exd5 Nxd5 11. Nxc6 bxc6 12. Bd4 Nxc3 13. Qxc3 Bh6+
14. Be3 Bxe3+ 15. Qxe3 Qb6 16. Qxe7 Be6 17. Qa3 Rad8 18. Bd3 Rd5 19. Rhe1
Ra5 20. Qc3 Rxa2 21. b3 Ra5 22. Kb2 Rd5 23. Bc4 Rxd1 24. Rxd1 Bxc4 25. Qxc4
Qf2 26. Qg4 a5 27. h4 h5 28. Qg5 a4 29. Rd8 axb3 30. Rxf8+ Kxf8 31. Kxb3
Qd4 1/2-1/2

[Event "10th EICC"]
[Site "Budva MNE"]
[Date "2009.03.11"]
[Round "6"]
[White "Kotronias,V"]
[Black "Jobava,Ba"]
[Result "1/2-1/2"]
[WhiteElo "2603"]
[BlackElo "2669"]
[EventDate "2009.03.06"]

1. e4 c6 2. d4 d5 3. Nc3 dxe4 4. Nxe4 Bf5 5. Ng3 Bg6 6. h4 h6 7. Nf3 Nd7 8.
h5 Bh7 9. Bd3 Bxd3 10. Qxd3 e6 11. Bf4 Ngf6 12. O-O-O Qa5 13. Kb1 Be7 14.
Ne4 Nxe4 15. Qxe4 Nf6 16. Qe2 Nxh5 17. Bc1 Nf6 18. Ne5 Rd8 19. Rh3 Nd7 20.
f4 Nxe5 21. fxe5 Kd7 22. Rf1 Rhf8 23. Rg3 Bg5 24. Bxg5 hxg5 25. Rxg5 g6 26.
Rg4 Kc8 27. a3 Qb5 28. c4 Qb6 29. Qe3 a5 30. Ka2 a4 31. Rf3 Rd7 32. Rxg6
Rxd4 33. Rxe6 Qc5 34. Rd6 Qxc4+ 35. Ka1 Re4 36. Qd2 Rxe5 37. Rfd3 Rf5 38.
Rd8+ Kc7 39. Rxf8 Rf1+ 40. Qd1 Rxd1+ 41. Rxd1 b5 42. Rfd8 Kb6 43. R8d2 Qf4
44. Rd3 Qf2 45. Rf3 Qxg2 46. Rdf1 f5 1/2-1/2

[Event "10th EICC"]
[Site "Budva MNE"]
[Date "2009.03.11"]
[Round "6"]
[White "Banikas,H"]
[Black "Bocharov,D"]
[Result "1/2-1/2"]
[WhiteElo "2582"]
[BlackElo "2647"]
[EventDate "2009.03.06"]

1. d4 Nf6 2. c4 e6 3. Nc3 Bb4 4. e3 O-O 5. Nge2 d5 6. a3 Be7 7. cxd5 exd5
8. g3 c6 9. Bg2 a5 10. O-O Re8 11. Nf4 Bd6 12. f3 Na6 13. e4 dxe4 14. fxe4
Bg4 15. Qd2 c5 16. e5 cxd4 17. exd6 dxc3 18. bxc3 Nc5 19. Nd5 Nb3 20. Nxf6+
Qxf6 21. Qd5 Qxc3 22. Qxf7+ Kh8 23. Rb1 Nxc1 24. Rfxc1 Qd4+ 25. Kh1 Qxd6
26. Rxb7 Qe5 27. h3 Be6 28. Qc7 Qd4 29. Qc3 Qxc3 30. Rxc3 a4 31. Rcc7 Rad8
32. Rxg7 Bg8 33. Rgd7 Rxd7 34. Rxd7 Re3 35. Bd5 Bxd5+ 36. Rxd5 Rxg3 37. Kh2
Rxa3 38. Ra5 Kg7 39. Ra6 Ra1 40. Kg3 a3 41. Kh4 a2 1/2-1/2

[Event "10th EICC"]
[Site "Budva MNE"]
[Date "2009.03.11"]
[Round "6"]
[White "Nanu,C"]
[Black "Navara,D"]
[Result "0-1"]
[WhiteElo "2506"]
[BlackElo "2638"]
[EventDate "2009.03.06"]

1. d4 Nf6 2. Nf3 d5 3. e3 c5 4. c4 cxd4 5. exd4 g6 6. Nc3 Bg7 7. cxd5 Nxd5
8. Qb3 Nxc3 9. bxc3 O-O 10. Be2 Nc6 11. O-O b6 12. Be3 Na5 13. Qb4 Bb7 14.
Rac1 Rc8 15. Rfd1 Qd6 16. Nd2 Qxb4 17. cxb4 Nc6 18. Bf3 Ba8 19. Rc4 b5 20.
Rc5 Nxd4 21. Bxa8 Rxc5 22. bxc5 Rxa8 23. Bxd4 Bxd4 24. Nb3 Bc3 25. Rd3 Bb4
26. Rd7 Kf8 27. Rb7 a6 28. c6 Ke8 29. Kf1 Kd8 30. Nd4 Bd6 31. Nf3 Rc8 32.
Rb6 Ra8 33. Rb7 h6 34. Nd2 Rc8 35. Rb6 Ra8 36. Rb7 Rb8 37. Rd7+ Kc8 38. Ne4
Bb4 39. Rd3 Kc7 40. a3 Bd6 41. Nxd6 exd6 42. Rf3 f5 43. h4 a5 44. Ke2 Re8+
45. Kd3 h5 46. Rg3 Re6 0-1

[Event "10th EICC"]
[Site "Budva MNE"]
[Date "2009.03.11"]
[Round "6"]
[White "Kozul,Z"]
[Black "Vitiugov,N"]
[Result "1/2-1/2"]
[WhiteElo "2594"]
[BlackElo "2687"]
[EventDate "2009.03.06"]

1. d4 d5 2. c4 c6 3. Nc3 dxc4 4. e4 b5 5. a4 b4 6. Nb1 Ba6 7. Nf3 e6 8. Bg5
Qa5 9. Qc1 h6 10. Be3 c3 11. bxc3 Bxf1 12. Kxf1 Nf6 13. e5 Nd5 14. c4 Qa6
15. Kg1 Nxe3 16. fxe3 c5 17. Nbd2 Be7 18. h4 Nd7 19. Qc2 Qb7 20. a5 Rb8 21.
Nb3 O-O 22. Rh3 f5 23. Rf1 Rbc8 24. h5 Qc7 25. Nbd2 Qxa5 26. Rg3 cxd4 27.
exd4 Rf7 28. c5 Qb5 29. Ra1 Qb7 30. Qa2 Nf8 31. Qxa7 Qd5 32. Qa2 Qb7 33.
Qc4 Rb8 34. Ra6 Qc8 35. Nb3 Bg5 36. Nxg5 hxg5 37. Rxg5 Qd8 38. Rg3 Qh4 39.
Rh3 Qg4 40. Qd3 f4 41. d5 Rf5 42. d6 Rxe5 43. Ra7 Qg5 44. Ra1 Rd8 45. Qc2
Qg4 46. Qf2 Rxh5 47. Rxh5 Qxh5 48. Qxf4 Ng6 49. Qg3 e5 50. Qh3 Qg5 51. c6
Nf4 52. Qf3 e4 53. Qxe4 Nxg2 54. Qxg2 Qe3+ 55. Qf2 Qg5+ 56. Qg2 Qe3+ 57.
Qf2 Qg5+ 58. Kf1 Rf8 59. Qxf8+ Kxf8 60. d7 Qf4+ 61. Ke2 Qe4+ 62. Kd2 Qd5+
63. Ke1 Qe4+ 64. Kd2 Qd5+ 65. Ke1 Qe4+ 1/2-1/2

[Event "10th EICC"]
[Site "Budva MNE"]
[Date "2009.03.11"]
[Round "6"]
[White "Guseinov,G"]
[Black "Iordachescu,V"]
[Result "1/2-1/2"]
[WhiteElo "2661"]
[BlackElo "2584"]
[EventDate "2009.03.06"]

1. e4 e5 2. Nf3 Nc6 3. Bb5 Nf6 4. O-O Nxe4 5. d4 a6 6. Bxc6 dxc6 7. Qe2 Bf5
8. g4 Bg6 9. Nxe5 Qxd4 10. Nxg6 hxg6 11. Nc3 f5 12. Bf4 O-O-O 13. Rad1 Qf6
14. Rxd8+ Kxd8 15. Nxe4 fxe4 16. Qxe4 Bd6 17. Bg3 Re8 18. Qd3 Kc8 19. b3
Qe6 20. Qf3 Rf8 21. Qd1 Re8 22. Qf3 Rf8 23. Qd1 Re8 24. Qf3 1/2-1/2

[Event "10th EICC"]
[Site "Budva MNE"]
[Date "2009.03.11"]
[Round "6"]
[White "Yemelin,V"]
[Black "Predojevic,B"]
[Result "1/2-1/2"]
[WhiteElo "2578"]
[BlackElo "2650"]
[EventDate "2009.03.06"]

1. e4 c5 2. Nf3 d6 3. d4 cxd4 4. Nxd4 Nf6 5. Nc3 Bd7 6. Bg5 e6 7. f3 a6 8.
Qd2 Be7 9. O-O-O b5 10. h4 h6 11. Be3 b4 12. Nce2 e5 13. Nf5 Bxf5 14. exf5
d5 15. Kb1 Nc6 16. Bf2 d4 17. Nc1 Nd5 18. Bc4 Nb6 19. Bd3 O-O 20. Qe2 Qd6
21. Be4 Na4 22. Nd3 Rab8 23. Ka1 Na5 24. g4 Nc4 25. Rb1 Qc7 26. g5 Na3 27.
Rbc1 Rfc8 28. f6 gxf6 29. f4 Qxc2 30. Rxc2 Nxc2+ 31. Kb1 Na3+ 32. Ka1 Nc2+
33. Kb1 Na3+ 34. Ka1 1/2-1/2

[Event "10th EICC"]
[Site "Budva MNE"]
[Date "2009.03.11"]
[Round "6"]
[White "Nijboer,F"]
[Black "Riazantsev,A"]
[Result "1/2-1/2"]
[WhiteElo "2560"]
[BlackElo "2634"]
[EventDate "2009.03.06"]

1. e4 c6 2. d4 d5 3. e5 Bf5 4. Nf3 e6 5. Be2 Bg6 6. O-O Nh6 7. Nbd2 Be7 8.
Nb3 O-O 9. Ne1 b6 10. Nd3 c5 11. dxc5 bxc5 12. Ndxc5 Qc7 13. Nd3 Bxd3 14.
Bxd3 Qxe5 15. Re1 Qf6 16. c3 Nc6 17. Qc2 Nf5 18. Bxf5 exf5 19. Bf4 g5 20.
Be3 f4 21. Bd4 Nxd4 22. Nxd4 Bc5 23. Qe2 1/2-1/2

[Event "10th EICC"]
[Site "Budva MNE"]
[Date "2009.03.11"]
[Round "6"]
[White "Milanovic,Da"]
[Black "Belov,Vl"]
[Result "1/2-1/2"]
[WhiteElo "2552"]
[BlackElo "2627"]
[EventDate "2009.03.06"]

1. d4 Nf6 2. c4 e6 3. Nc3 Bb4 4. e3 O-O 5. Bd3 c5 6. Nge2 cxd4 7. exd4 d5
8. cxd5 Nxd5 9. O-O Re8 10. Be4 Nc6 11. Qd3 Nf6 12. Bg5 h6 13. Bh4 Be7 14.
Rad1 Nxe4 15. Bxe7 Nxf2 16. Rxf2 Qxe7 17. Rdf1 f5 18. Nf4 Rd8 19. d5 exd5
20. Ncxd5 Qf7 21. Rd1 b6 22. Re2 Kh8 23. Qc3 Bb7 24. Re6 Kh7 25. Rxc6 Bxc6
26. Qxc6 Rac8 27. Qe6 Qxe6 28. Nxe6 Re8 29. Nd4 Rc5 30. Nc3 Rd8 31. Kf2 g5
32. g3 Kg6 33. Kf3 b5 34. Rd3 b4 35. Nce2 Rcd5 36. Ke3 Re8+ 37. Kd2 Red8
38. Ke3 a5 39. a3 Re8+ 40. Kf3 bxa3 41. Rxa3 Red8 42. Ke3 Rb8 43. b3 Re8+
44. Kf3 Rc5 45. Ra4 Rb8 46. Ra1 Kf6 47. Ke3 Re8+ 48. Kf3 Rb8 1/2-1/2

[Event "10th EICC"]
[Site "Budva MNE"]
[Date "2009.03.11"]
[Round "6"]
[White "Mikhalevski,V"]
[Black "Djukic,Ni"]
[Result "1-0"]
[WhiteElo "2608"]
[BlackElo "2500"]
[EventDate "2009.03.06"]

1. d4 Nf6 2. c4 e6 3. Nf3 b6 4. g3 Ba6 5. b3 Bb4+ 6. Bd2 Be7 7. Bg2 c6 8.
O-O d5 9. Qc2 Nbd7 10. Rd1 O-O 11. a4 Rc8 12. a5 c5 13. axb6 Qxb6 14. Qa2
Bb7 15. b4 cxd4 16. c5 Qc7 17. Nxd4 a6 18. Nc3 Qe5 19. Bf4 Qh5 20. h3 g5
21. g4 Qg6 22. Bg3 h5 23. Rac1 Nb8 24. Na4 Nfd7 25. Nb6 Nxb6 26. cxb6 Qf6
27. Rc7 Rxc7 28. bxc7 Nd7 29. Qa5 Re8 30. b5 axb5 31. Qxb5 Bc8 32. Nc6 Bc5
33. gxh5 Qc3 34. e3 Nb6 35. Ne5 Re7 36. Nd3 1-0

[Event "10th EICC"]
[Site "Budva MNE"]
[Date "2009.03.11"]
[Round "6"]
[White "Lupulescu,C"]
[Black "Chirila,I"]
[Result "1/2-1/2"]
[WhiteElo "2608"]
[BlackElo "2485"]
[EventDate "2009.03.06"]

1. e4 c5 2. Nf3 d6 3. d4 cxd4 4. Nxd4 Nf6 5. Nc3 g6 6. Be3 Bg7 7. f3 Nc6 8.
Qd2 O-O 9. O-O-O d5 10. Kb1 Nxd4 11. e5 Nf5 12. exf6 Bxf6 13. Nxd5 Qxd5 14.
Qxd5 Nxe3 15. Qd2 Nxd1 16. Qxd1 Be6 17. Be2 Rac8 18. g4 Rc6 19. Qc1 Rfc8
20. Bd3 Rb6 21. b3 a5 22. Qa3 1/2-1/2

[Event "10th EICC"]
[Site "Budva MNE"]
[Date "2009.03.11"]
[Round "6"]
[White "Rasulov,Vu"]
[Black "Berg,E"]
[Result "1/2-1/2"]
[WhiteElo "2391"]
[BlackElo "2606"]
[EventDate "2009.03.06"]

1. e4 e6 2. d4 d5 3. Nd2 Nf6 4. e5 Nfd7 5. Bd3 c5 6. c3 Nc6 7. Ne2 cxd4 8.
cxd4 f6 9. exf6 Nxf6 10. O-O Bd6 11. Nf3 Qc7 12. Bg5 O-O 13. Bh4 Nh5 14.
Qc2 h6 15. Bh7+ Kh8 16. Bg6 Rxf3 17. Bxh5 Rf8 18. Bg3 Bd7 19. Rac1 Rf6 20.
Qd2 Raf8 21. Rc3 Be8 22. Bxe8 Rxe8 23. Rb3 Rf7 24. Re3 Qd7 25. Nc1 Bf4 26.
Bxf4 Rxf4 27. Nb3 Qd6 28. Rfe1 Rf6 29. Qc3 Rc8 30. R1e2 b6 31. g3 Kg8 32.
Qc1 Ne7 33. Rc2 Rff8 34. Rec3 Rxc3 35. Rxc3 Qb8 36. Qe1 Qd6 37. Re3 Kf7 38.
Nc1 Nc6 39. Qc3 Rc8 40. Nd3 Rc7 41. Nf4 Re7 42. Qd3 Ke8 43. a3 Kd7 44. b4
e5 45. Qf5+ Kc7 46. dxe5 Rxe5 47. Qf7+ Qd7 48. Qxd7+ Kxd7 49. b5 Nd4 50.
Rd3 Nxb5 51. Nxd5 Kc6 52. Nb4+ Kc7 53. a4 Nd6 54. Na6+ Kc6 55. Nb8+ Kc7 56.
Na6+ Kd7 57. Nb8+ Kc7 58. Na6+ 1/2-1/2

[Event "10th EICC"]
[Site "Budva MNE"]
[Date "2009.03.11"]
[Round "6"]
[White "Parligras,M"]
[Black "Spoelman,W"]
[Result "1/2-1/2"]
[WhiteElo "2605"]
[BlackElo "2493"]
[EventDate "2009.03.06"]

1. d4 d5 2. Nf3 Nf6 3. c4 c6 4. e3 Bf5 5. Nc3 e6 6. Nh4 Be4 7. f3 Bg6 8.
Qb3 Qc7 9. Bd2 Be7 10. O-O-O dxc4 11. Bxc4 b5 12. Be2 a5 13. Nxg6 hxg6 14.
a4 bxa4 15. Nxa4 O-O 16. Kb1 Nbd7 17. e4 1/2-1/2

[Event "10th EICC"]
[Site "Budva MNE"]
[Date "2009.03.11"]
[Round "6"]
[White "Akopian,Vl"]
[Black "Lenic,L"]
[Result "1-0"]
[WhiteElo "2700"]
[BlackElo "2548"]
[EventDate "2009.03.06"]

1. e4 e5 2. Nf3 Nc6 3. Bb5 a6 4. Ba4 Nf6 5. O-O b5 6. Bb3 Bc5 7. c3 d6 8.
d4 Bb6 9. a4 Rb8 10. axb5 axb5 11. Qd3 O-O 12. Bg5 exd4 13. cxd4 h6 14. Bh4
g5 15. Bg3 Nh5 16. Nc3 g4 17. e5 Kg7 18. Bh4 Nb4 19. Qb1 f6 20. exf6+ Rxf6
21. Nd2 d5 22. Bxf6+ Nxf6 23. Ne2 Nh5 24. Bc2 Qe7 25. Re1 Qf6 26. Nf1 Bd7
27. Nfg3 Nxg3 28. Nxg3 Qxd4 29. Bf5 Qxf2+ 30. Kh1 Bxf5 31. Nxf5+ Kh8 32.
Re7 Qd2 33. Ra3 Rf8 34. Nh4 Qc2 35. Qe1 Bd4 36. Ra1 Bxb2 37. Rd7 Qe4 38.
Qf2 Bg7 39. Rf7 Rxf7 40. Qxf7 Kh7 41. Nf5 Qe5 42. Rf1 Nc6 43. Nxg7 Qxg7 44.
Qxd5 1-0

[Event "10th EICC"]
[Site "Budva MNE"]
[Date "2009.03.11"]
[Round "6"]
[White "Khenkin,I"]
[Black "Savic,Miod1"]
[Result "0-1"]
[WhiteElo "2644"]
[BlackElo "2525"]
[EventDate "2009.03.06"]

1. d4 d5 2. c4 c6 3. cxd5 cxd5 4. Nc3 Nf6 5. Bf4 Nc6 6. e3 Bf5 7. Qb3 Na5
8. Qa4+ Bd7 9. Qc2 e6 10. Bd3 Nc6 11. a3 Nh5 12. Be5 Rc8 13. Nf3 f6 14.
Bxh7 fxe5 15. Qg6+ Ke7 16. Qxh5 Be8 17. Qg5+ Kd7 18. Qxd8+ Kxd8 19. Ng5 Ke7
20. dxe5 Nxe5 21. Rc1 Bd7 22. f4 Nc4 23. Nd1 Kf6 24. Bd3 Nxb2 25. Rxc8
Nxd3+ 26. Kd2 Bxc8 27. Kxd3 Bxa3 28. Nf2 e5 29. g4 Bd7 30. Ke2 e4 31. h4
Bb5+ 32. Kd2 Bb4+ 33. Kc2 Ba4+ 34. Kb1 a5 35. h5 Bc6 36. Kc2 Bc5 37. Kd2 a4
38. Rb1 a3 39. Nd1 Ra8 40. Nc3 b6 41. Na2 d4 42. exd4 Rd8 43. Re1 Rxd4+ 44.
Kc2 Ba4+ 45. Kb1 e3 46. Nc3 Bc6 47. Nh7+ Kf7 48. Ng5+ Kg8 49. Ne6 Rc4 50.
Nxc5 Rxc3 51. Ne6 Be4+ 52. Ka1 Bd5 53. Nd4 Rd3 54. Nf5 e2 55. Ne7+ Kf7 56.
Nxd5 Rd1+ 0-1

[Event "10th EICC"]
[Site "Budva MNE"]
[Date "2009.03.11"]
[Round "6"]
[White "Aleksandrov,A"]
[Black "Sanikidze,T"]
[Result "1-0"]
[WhiteElo "2636"]
[BlackElo "2522"]
[EventDate "2009.03.06"]

1. d4 d5 2. c4 e6 3. Nc3 Be7 4. cxd5 exd5 5. Bf4 c6 6. Qc2 Bd6 7. Bxd6 Qxd6
8. e3 Nf6 9. Bd3 O-O 10. Nge2 b6 11. O-O Ba6 12. Ng3 c5 13. dxc5 Qxc5 14.
Rfd1 Rd8 15. Rac1 Bxd3 16. Qxd3 Nc6 17. Nb5 Ne5 18. Qe2 Qf8 19. b3 a6 20.
Nc7 Ra7 21. Nxa6 Rda8 22. Nc7 Rxa2 23. Qb5 R8a5 24. Qxb6 h6 25. b4 R5a4 26.
Nxd5 Nfg4 27. Nh1 Ra6 28. Qd4 Qd6 29. Qf4 g5 30. Qg3 h5 31. h4 Kg7 32. hxg5
Rxf2 33. Nxf2 Nf3+ 34. Qxf3 Qh2+ 35. Kf1 Ra2 36. Nf4 Rxf2+ 37. Qxf2 Nxf2
38. Kxf2 h4 39. Nh5+ Kg6 40. Rh1 Qd6 41. Nf4+ Kxg5 42. Rc5+ f5 43. Rc4 1-0

[Event "10th EICC"]
[Site "Budva MNE"]
[Date "2009.03.11"]
[Round "6"]
[White "Pashikian,A"]
[Black "Cebalo,M"]
[Result "1/2-1/2"]
[WhiteElo "2621"]
[BlackElo "2509"]
[EventDate "2009.03.06"]

1. d4 Nf6 2. c4 e6 3. Nc3 Bb4 4. Qc2 O-O 5. e4 d5 6. e5 Ne4 7. Bd3 c5 8.
Nge2 cxd4 9. Nxd4 Nc6 10. Nxc6 bxc6 11. Bxe4 dxe4 12. Qxe4 Bxc3+ 13. bxc3
Qa5 14. O-O Ba6 15. a4 Qc5 16. Ba3 Qxc4 17. Qxc4 Bxc4 18. Bxf8 Bxf1 19. Bd6
Ba6 20. f4 f6 21. Kf2 Rd8 22. Rb1 fxe5 23. fxe5 Rd7 24. Rb8+ Kf7 25. Ke3 c5
26. Kf4 Kg6 27. Bxc5 Rd2 28. g3 Ra2 29. Rb4 Bd3 30. Ke3 Bc2 31. Bxa7 Rxa4
32. Rb7 Be4 33. Rb2 Bd5 34. Bb8 h5 35. Bd6 h4 36. gxh4 Rxh4 37. Rf2 Rh3+
38. Kd2 Rf3 39. Re2 Kf5 40. Bc5 g5 41. Bd4 Bc4 42. Rg2 Bf1 43. Rg1 g4 44.
Kc2 Bc4 45. Kb2 Rf1 46. Rg2 Re1 47. Ka3 Re2 48. Rxe2 Bxe2 1/2-1/2

[Event "10th EICC"]
[Site "Budva MNE"]
[Date "2009.03.11"]
[Round "6"]
[White "Mchedlishvili,M"]
[Black "Nyzhnyk,I"]
[Result "1/2-1/2"]
[WhiteElo "2619"]
[BlackElo "2504"]
[EventDate "2009.03.06"]

1. c4 e5 2. Nc3 Nf6 3. g3 Bb4 4. Bg2 O-O 5. d3 Re8 6. e4 Bxc3+ 7. bxc3 c6
8. Nf3 h6 9. Nd2 d6 10. O-O Bg4 11. f3 Bh5 12. Rb1 Nbd7 13. Qc2 Qc7 14. f4
exf4 15. gxf4 Bg6 16. f5 Bh7 17. d4 b6 18. Qd3 Kh8 19. Ba3 Rad8 20. Rbe1 c5
21. Bc1 Re7 22. Re2 Rde8 23. Bf3 Rg8 24. Rg2 Ree8 25. Kh1 a6 26. a4 Re7 27.
Rfg1 Ree8 28. Nf1 b5 29. Ng3 cxd4 30. cxd4 Qxc4 31. Qxc4 bxc4 32. Ba3 g6
33. Bxd6 gxf5 34. exf5 h5 35. Nxh5 Rxg2 36. Kxg2 Ne4 37. Bxe4 Rxe4 38. Bb4
Re2+ 39. Kf3 Rxh2 40. Ng3 f6 41. Re1 Nb6 42. Ba5 Nd5 43. Rc1 Rh4 44. Rxc4
Rf4+ 45. Ke2 Bxf5 46. Nxf5 Rxf5 47. Bd2 Kg7 48. Rc6 Kf7 49. Rxa6 Ke7 50.
Rc6 Kd7 51. Rc1 Rh5 52. a5 Rh3 53. Rc5 Nc7 54. Bf4 Ne6 55. Rd5+ Kc8 56. Be3
Rh2+ 57. Kd3 Ra2 58. Rf5 Ra3+ 59. Ke4 Nd8 60. Bd2 Nb7 61. Bb4 Ra4 62. Rb5
Kc7 63. Kd5 Ra1 64. Ke6 Nd8+ 65. Kxf6 Rf1+ 66. Ke5 Nc6+ 67. Ke4 Ra1 68. Bc3
Ra3 69. Kd3 Kd6 70. Rg5 Ra4 71. Rh5 Kd7 72. Rc5 Kd6 73. Ke4 Ra3 74. Kd3
Nxd4 75. Rh5 Ne2 1/2-1/2

[Event "10th EICC"]
[Site "Budva MNE"]
[Date "2009.03.11"]
[Round "6"]
[White "Potkin,V"]
[Black "Stanojoski,Z"]
[Result "1/2-1/2"]
[WhiteElo "2613"]
[BlackElo "2493"]
[EventDate "2009.03.06"]

1. d4 d5 2. c4 c6 3. Nc3 Nf6 4. Nf3 e6 5. Bg5 dxc4 6. e4 b5 7. e5 h6 8. Bh4
g5 9. Nxg5 Nd5 10. Nxf7 Qxh4 11. Nxh8 Bb4 12. Rc1 Qe4+ 13. Be2 Nf4 14. Qd2
Nd3+ 15. Kf1 Nxc1 16. Nxe4 Bxd2 17. Nxd2 Nxa2 18. Ne4 a5 19. h4 a4 20. Nd6+
Kd8 21. g4 a3 22. bxa3 c3 23. Bd3 b4 24. axb4 Ba6 25. b5 Bxb5 26. Nxb5 cxb5
27. g5 hxg5 28. Be4 Nc6 29. hxg5 Nab4 30. Kg2 Kc7 31. Nf7 Nd5 32. g6 b4 33.
g7 Rg8 34. Rh7 b3 35. Nh6 Rxg7+ 36. Rxg7+ Kb6 37. Rg3 Nxd4 38. Bxd5 c2 39.
Bxb3 c1=Q 40. Ng4 Qc6+ 41. Kh2 Qe4 42. Bd1 Kc5 43. Rc3+ Kb4 44. Rg3 Qf4 45.
Kg2 Qd2 46. Bf3 Nf5 47. Rh3 Qg5 48. Kh2 Nd4 49. Ne3 Qxe5+ 50. Kg2 Qf4 51.
Rg3 Kc5 52. Bd1 e5 53. Rg4 Qf6 54. Kg1 Ne6 55. Be2 Nf4 56. Bf1 Qd8 57. Rg3
Ne6 58. Ng4 Qd4 59. Ne3 Nf4 60. Ng2 Ne6 61. Ne3 Qa1 62. Ng4 Nf4 63. Re3 Ng6
64. Nf6 Kd6 65. Ne4+ Ke7 66. Ng3 Nf4 67. Ne2 Nd5 68. Rd3 Ke6 69. Rg3 Qe1
70. Rg6+ Nf6 71. Kg2 Kf7 72. Rg3 Qd1 73. Nc3 Qd4 74. Rd3 Qc5 75. Rf3 Qc6
76. Bb5 Qa8 77. Be2 Ke7 78. Kg1 Qa1+ 79. Kg2 Nh5 80. Nd5+ Kd6 81. Re3 Ng7
82. Nb6 Kc7 83. Nc4 Qa8+ 84. Bf3 Qg8 85. Re4 Ne6+ 86. Kf1 Ng5 87. Rg4 e4
88. Be2 Qd5 89. Ne3 Qe5 90. Nc4 Qc5 91. Ne3 Kd8 92. Kg2 Qe5 93. Nc4 Qf6 94.
Ne3 Qh6 95. Bd1 1/2-1/2

[Event "10th EICC"]
[Site "Budva MNE"]
[Date "2009.03.11"]
[Round "6"]
[White "L'Ami,E"]
[Black "Skoberne,J"]
[Result "1/2-1/2"]
[WhiteElo "2603"]
[BlackElo "2489"]
[EventDate "2009.03.06"]

1. d4 d5 2. c4 c6 3. Nf3 Nf6 4. e3 Bg4 5. Qb3 Qb6 6. Nc3 e6 7. Nh4 Bh5 8.
h3 g5 9. Nf3 h6 10. Bd3 Nbd7 11. c5 Qxb3 12. axb3 a6 13. b4 Rc8 14. Nd2 Bg6
15. Bxg6 fxg6 16. Nb3 e5 17. Ne2 Bg7 18. Bd2 O-O 19. Bc3 Rfe8 20. Na5 Rc7
21. f3 e4 22. f4 gxf4 23. Nxf4 Nf8 24. O-O N6h7 25. Be1 Bf6 26. Bg3 Rd7 27.
Kf2 Bd8 28. Ke1 Bxa5 29. Rxa5 Rf7 30. Ra1 Ne6 31. Ne2 Rxf1+ 32. Kxf1 Rf8+
33. Ke1 Rf7 34. Nc1 Nhf8 35. Nb3 Nd8 36. Na5 Nfe6 37. Ke2 Kf8 38. Be5 Ke8
39. h4 Kd7 40. Rh1 Kc8 41. h5 g5 42. Rf1 Rxf1 43. Kxf1 Nf7 44. Bf6 Nc7 45.
Kf2 Ne8 46. Be5 Nxe5 47. dxe5 Ng7 48. g4 Ne6 49. Ke2 Nd8 50. Kd2 Nf7 51. e6
Ne5 52. Nxb7 Nxg4 53. Nd6+ Kd8 54. Nf5 Nf6 55. Nxh6 Nxh5 56. Nf5 Nf6 57.
Nd4 Ke7 58. Ke2 Ng4 59. Nxc6+ Kxe6 60. Nb8 Ne5 61. Nxa6 Nd3 62. b5 Kd7 63.
c6+ Kd6 64. c7 Kd7 65. b6 Kc8 66. b4 Ne5 67. Nc5 Nc4 68. Na4 Kb7 69. Kf2
Kc8 70. Ke2 Kb7 71. Kf2 Kc8 72. Kg3 Kb7 73. Kg4 Nxe3+ 74. Kxg5 Nc4 75. Kf4
Kc8 76. b5 Kb7 77. Nc5+ Kc8 78. Na4 Kb7 79. Nc5+ 1/2-1/2

[Event "10th EICC"]
[Site "Budva MNE"]
[Date "2009.03.11"]
[Round "6"]
[White "Jovanic,O"]
[Black "Sedlak,N"]
[Result "0-1"]
[WhiteElo "2527"]
[BlackElo "2592"]
[EventDate "2009.03.06"]

1. d4 Nf6 2. c4 g6 3. Nc3 d5 4. cxd5 Nxd5 5. Bd2 Bg7 6. e4 Nb6 7. Be3 O-O
8. Bb5 Qd6 9. Nge2 a6 10. e5 Qd8 11. Bd3 Nc6 12. a3 Be6 13. O-O Bc4 14.
Bxc4 Nxc4 15. Qc2 Kh8 16. Rad1 Nxe3 17. fxe3 f6 18. exf6 exf6 19. Nf4 Qd6
20. Ne4 Qe7 21. Nd5 Qd8 22. Nf4 Qe8 23. Rf3 Bh6 24. Nd5 f5 25. Nec3 Qd7 26.
Rh3 Bg5 27. Qf2 Nd8 28. Nf4 Bxf4 29. Qxf4 Qg7 30. d5 Rc8 31. Qb4 Re8 32.
Rf3 Nf7 33. Qxb7 Ne5 34. Rf4 Ng4 35. d6 Qe5 36. Nd5 cxd6 37. Qa7 g5 38.
Rxg4 fxg4 39. Qxa6 Qxb2 40. Qa4 Rf8 41. Kh1 Rc1 0-1

[Event "10th EICC"]
[Site "Budva MNE"]
[Date "2009.03.11"]
[Round "6"]
[White "Erdos,V"]
[Black "Nikolov,Mo"]
[Result "1/2-1/2"]
[WhiteElo "2582"]
[BlackElo "2478"]
[EventDate "2009.03.06"]

1. d4 Nf6 2. c4 e6 3. Nc3 Bb4 4. Qc2 c5 5. dxc5 O-O 6. a3 Bxc5 7. Nf3 b6 8.
Bf4 Bb7 9. Rd1 Nc6 10. b4 Nh5 11. Bc1 Be7 12. e4 d6 13. Be2 Qb8 14. O-O Rd8
15. Nd5 Nf6 16. b5 exd5 17. bxc6 Bxc6 18. exd5 Bb7 19. Bb2 Nd7 20. Bd3 g6
21. Rfe1 Re8 22. Bf5 Qc7 23. Bxd7 Qxd7 24. Qc3 f6 25. Re6 Bf8 26. Qxf6 Bg7
27. Qxg7+ Qxg7 28. Bxg7 Rxe6 29. dxe6 Bxf3 30. gxf3 Kxg7 31. Rxd6 Kf6 32.
Rd7 Kxe6 33. Rxh7 Rc8 34. Rxa7 Rxc4 35. Rb7 Rc6 36. Kg2 Kf5 37. Kg3 Rc3 38.
Rf7+ Ke6 39. Rg7 Kf6 40. Ra7 g5 41. Ra4 Kf5 42. Ra8 b5 43. Rf8+ Kg6 44. Kg4
Rxa3 45. Rg8+ Kf6 46. Rxg5 Rb3 47. h4 Rb1 48. Rc5 Rg1+ 49. Kf4 Rh1 50. Rc6+
Ke7 51. Kg4 Rg1+ 52. Kf4 Rh1 53. Kg3 Rg1+ 54. Kh2 Rb1 55. Rb6 Kf7 56. Kg2
b4 57. f4 b3 58. f5 b2 59. f3 Kg7 60. h5 Kh7 61. Rb7+ Kh6 62. f6 Rc1 63. f7
Rc8 64. Rxb2 Kxh5 65. Rb7 Kg5 66. Kg3 Rf8 67. Rc7 Kf5 68. Ra7 Kg5 69. Rd7
Kf5 70. Re7 Kg5 71. Rb7 Kf5 72. Ra7 Kg5 73. Rb7 Kf5 74. f4 Kf6 75. Kg4 Ra8
76. Rc7 Rb8 77. Ra7 Rc8 78. Ra5 Kxf7 79. Kg5 Rc6 80. Ra7+ Kf8 81. f5 Rb6
82. Rh7 Ra6 1/2-1/2

[Event "10th EICC"]
[Site "Budva MNE"]
[Date "2009.03.11"]
[Round "6"]
[White "Romanov,E"]
[Black "Vedmediuc,S"]
[Result "1-0"]
[WhiteElo "2576"]
[BlackElo "2414"]
[EventDate "2009.03.06"]

1. g3 Nf6 2. Bg2 g6 3. e4 d6 4. d4 Bg7 5. Ne2 O-O 6. O-O e5 7. Nbc3 Nc6 8.
dxe5 dxe5 9. Bg5 Nd4 10. Nxd4 Qxd4 11. Qxd4 exd4 12. Nb5 c6 13. Nd6 h6 14.
Bd2 b6 15. e5 Nd5 16. Bxd5 cxd5 17. Rfe1 a6 18. Bb4 Bg4 19. Kg2 Rfb8 20. h3
Be6 21. Rad1 a5 22. Ba3 b5 23. Bc5 Ra6 24. a3 b4 25. Rxd4 Rc6 26. axb4 axb4
27. Rxb4 Rxb4 28. Bxb4 Rxc2 29. Bc3 h5 30. Nb5 Bh6 31. Nd4 Rc1 32. Rxc1
Bxc1 33. Nxe6 fxe6 34. Kf3 Kf7 35. g4 hxg4+ 36. Kxg4 Ke8 37. b4 Ba3 38. Kg5
Kf7 39. f4 d4 40. Bd2 Bb2 41. b5 Ke7 42. b6 Kd7 43. Kxg6 Bc3 44. f5 1-0